| 000 | 00614nam a22001695i 4500 | ||
|---|---|---|---|
| 001 | 155076 | ||
| 003 | ES-MaACL | ||
| 005 | 20230906205944.0 | ||
| 008 | 040719s1845 fr |||| | fre d | ||
| 040 |
_aCAM _bspa _cCAM |
||
| 100 | 1 |
_aHallez, Théophile. _9127769 |
|
| 245 | 1 | 0 |
_aDens juifs en France _b: de leur état moral et politique depuis les premiers temps de la monarchie jusqu'a nos jours / _cpar Théophile Hallez. |
| 260 |
_aParis : _bG.-A. Dentu imprimeur-éditeur, _c1845. |
||
| 300 |
_aXXXIX, 368 p. ; _c22 cm. |
||
| 650 | 4 |
_aJudíos- _zFrancia. _913993 |
|
| 852 |
_aES-MaACL _jG-13593 _z-- Enc. hol. |
||
| 999 |
_c155076 _d155076 |
||